000 00873nam a22002417a 4500
005 20250927072816.0
008 250927b |||||||| |||| 00| 0 eng d
017 _aLD.2727
018 _a2025
020 _a9789787860472
040 _aNLN
_bEnglish
_eAACR2
050 _aQA76.9.A73
_bN277
082 _a004.22
110 _aNATIONAL Open University of Nigeria
_919990
245 _aCIT 309 :
_bcomputer architecture /
_cNational Open University of Nigeria
260 _aJabi, Abuja (National Open University of Nigeria Headquarters, University Village, Plot 91, Cadastral Zone Nnamdi Azikiwe Express way) :
_bNational Open University of Nigeria Press,
_c2024
300 _aiii, 157p. :
_bill. ; 29cm.
500 _aIncludes bibliographical references
563 _a(pbk.)
650 _aComputer architecture
_931677
856 _uwww.nou.edu.ng
942 _cBK
_n0
999 _c33185
_d33185